The lost cities of Africa
Αποθηκεύτηκε σε:
| Κύριος συγγραφέας: | |
|---|---|
| Μορφή: | Βιβλίο |
| Γλώσσα: | English |
| Δημοσίευση: |
Boston :
Little Brown,
[1959]
|
| Θέματα: | |
| Ετικέτες: |
Προσθήκη ετικέτας
Δεν υπάρχουν, Καταχωρήστε ετικέτα πρώτοι!
|
MARC
| LEADER | 00000cam a2200000 a 4500 | ||
|---|---|---|---|
| 001 | 1/113578 | ||
| 008 | 170331s1959####mau| ||| |||| ||eng|| | ||
| 040 | |a GR-MyUa |b gre |c GR-MyUa |e AACR2 | ||
| 041 | 0 | |a eng | |
| 082 | 7 | |a 913.6 |2 (23) | |
| 100 | 1 | |a Davidson, Basil, |d 1914-2010. | |
| 245 | 1 | 4 | |a The lost cities of Africa / |c Basil Davidson. |
| 260 | |a Boston : |b Little Brown, |c [1959] | ||
| 300 | |a 366 σ. ; |c 22 εκ. | ||
| 500 | |a London ed. (Gollancz) has title: Old Africa rediscovered. | ||
| 504 | |a Περιλαμβάνει βιβλιογραφία. | ||
| 651 | 0 | |a Africa, Sub-Saharan |x Civilization. | |
| 852 | |a INST |b LESVOS |e 20170331 |h 913.6 DAV |p 005100059022 |q 005100059022 |t BK |y 0 | ||
| 970 | |a Τζαφέρη |b Ευαγγελία |z 31-03-2017 | ||